| Tag |
First Indicator |
Second Indicator |
Subfields |
| LEADER |
00000cam a2200000 a 4500 |
| 001 |
in00001405708 |
| 005 |
20151020072125.0 |
| 008 |
970822s1998 nyu 000 0aeng |
| 010 |
|
|
|a 97037098
|
| 020 |
|
|
|a 0385316151
|
| 035 |
|
|
|a (OCoLC)37567302
|
| 035 |
|
|
|9 AHQ2221AM
|
| 040 |
|
|
|a DLC
|c DLC
|d TXA
|d UtOrBLW
|
| 043 |
|
|
|a n-us---
|
| 049 |
|
|
|a TXAM
|
| 050 |
0 |
0 |
|a HV1792.K88
|b A3 1998
|
| 082 |
0 |
0 |
|a 362.4/1/092
|a B
|2 21
|
| 100 |
1 |
|
|a Kuusisto, Stephen.
|
| 245 |
1 |
0 |
|a Planet of the blind /
|c Stephen Kuusisto.
|
| 264 |
|
1 |
|a New York :
|b Dial Press,
|c [1998]
|
| 264 |
|
4 |
|c ©1998
|
| 300 |
|
|
|a 194 pages ;
|c 22 cm.
|
| 336 |
|
|
|a text
|b txt
|2 rdacontent
|
| 337 |
|
|
|a unmediated
|b n
|2 rdamedia
|
| 338 |
|
|
|a volume
|b nc
|2 rdacarrier
|
| 600 |
1 |
0 |
|a Kuusisto, Stephen.
|
| 650 |
|
0 |
|a Blind
|z United States
|v Biography.
|
| 948 |
|
|
|a c:cer
|
| 999 |
|
|
|a MARS
|
| 999 |
f |
f |
|s 89c9b1d6-174e-32bd-948a-04ef2663fe51
|i f108da96-f2bf-3894-bc75-a1f4f17ebebc
|t 0
|
| 952 |
f |
f |
|p ric
|a Texas A&M University
|b Rellis Campus
|c Joint Library Facility
|d Remote Storage
|t 0
|e HV1792.K88 A3 1998
|h Library of Congress classification
|i unmediated -- volume
|m A14822562237
|
| 998 |
f |
f |
|a HV1792.K88 A3 1998
|t 0
|l Remote Storage
|